El Manuscrito apologético / (Record no. 22226)

MARC details
000 -LEADER
campo de control de longitud fija 00781nam a2200205 i 4500
001 - NÚMERO DE CONTROL
campo de control 22226
003 - IDENTIFICADOR DE NÚMERO DE CONTROL
campo de control ES-MaACL
005 - FECHA Y HORA DE LA ÚLTIMA TRANSACCIÓN
campo de control 20260303063011.0
007 - CAMPO FIJO DE DESCRIPCIÓN FÍSICA--INFORMACIÓN GENERAL
campo de control de longitud fija t|
008 - DATOS DE LONGITUD FIJA--INFORMACIÓN GENERAL
campo de control de longitud fija 021129s1950 sp ||||1| spa d
100 1# - ENTRADA PRINCIPAL--NOMBRE DE PERSONA
Nombre de persona Alfonso de Zamora,
Fechas asociadas al nombre 1474?-1531?
9 (RLIN) 160107
245 13 - MENCIÓN DEL TÍTULO
Título El Manuscrito apologético /
Mención de responsabilidad, etc. de Alfonso de Zamora ; traducción y estudio del Séfer Hokmat Elohim por Federico Pérez Castro.
260 ## - PUBLICACIÓN, DISTRIBUCIÓN, ETC.
Lugar de publicación, distribución, etc. Madrid, etc. :
Nombre del editor, distribuidor, etc. [s.n.,
Fecha de publicación, distribución, etc. 1950] (
Fabricante C. Bermejo)
300 ## - DESCRIPCIÓN FÍSICA
Extensión CI, 478 p. ;
Dimensiones 24 cm.
500 ## - NOTA GENERAL
Nota general Precede a tít.: Consejo Superior de Investigaciones Científicas. Instituto Arias Montaño.
700 1# - ENTRADA AGREGADA--NOMBRE PERSONAL
Nombre de persona Pérez Castro, Federico.
9 (RLIN) 90723
710 2# - ENTRADA AGREGADA--NOMBRE DE ENTIDAD CORPORATIVA
Nombre de entidad corporativa o nombre de jurisdicción como elemento de entrada Instituto "Arias Montano"
9 (RLIN) 4797
852 ## - LOCALIZACIÓN
Ubicación ES-MaACL
Número de control de estantería D-7220
Sublocalización o colección R.29575
Holdings
Estatus retirado Estado de pérdida Estado de daño No para préstamo Biblioteca de origen Biblioteca actual Ubicación en estantería Fecha de adquisición Fuente de adquisición Total de préstamos Signatura topográfica completa Código de barras Visto por última vez Precio de reemplazo Tipo de ítem Koha
        Biblioteca del Ateneo de Madrid Biblioteca del Ateneo de Madrid Sala Valle Inclán 17/01/2008     D-7220 901022876 23/02/2023 23/02/2023 Libro impreso